| 000 | 00355nam a2200145Ia 4500 | ||
|---|---|---|---|
| 008 | 210716s2011 xx 000 0 und d | ||
| 020 | _a9781422157985 | ||
| 041 | _aeng | ||
| 082 | _a658.4012 HARV | ||
| 245 | _aOn strategy. | ||
| 250 | _a1 | ||
| 260 |
_aBoston _bHarvard Business Review Book _c2011 |
||
| 300 | _av,266 | ||
| 650 | _aStrategic Management | ||
| 999 |
_c209115 _d209115 |
||